| 000 | 00908nam a2200265 a 4500 | ||
|---|---|---|---|
| 001 | BRL_745 | ||
| 005 | 20190320210858.0 | ||
| 008 | 011013s1926----au-#######---#000-0#ger-# | ||
| 041 | _ager | ||
| 044 | _aau | ||
| 050 | 4 |
_aML50.N641 _b.N53 1926 |
|
| 100 | 1 |
_aNicolai, Otto _d1810-1849. _924812 |
|
| 245 | 1 | 0 |
_aDie lustigen Weiber von Windsor _bKomisch-phantastische Oper in drei Aufzügen _cvon Otto Nicolai ; Nach Shakespeares gleichnamigem Lustspiel von Salomon Hermann Mosenthal ; Mit einer Einführung von Heinrich Kralik. |
| 260 |
_aWien _bSteyrermühl _c1926 |
||
| 300 |
_a72 p. _c19 cm. |
||
| 440 | 0 |
_aTagblatt-Bibliothek _vNr. 382 _924813 |
|
| 440 | 0 |
_aOperntextbuch _vNr. 31 _924814 |
|
| 500 | _aAu818 | ||
| 650 | 1 | 4 |
_aOpera _923436 |
| 650 | 1 | 4 |
_aLibretos de opera _924815 |
| 700 | 1 |
_aMosenthal, Salomon Hermann von _924816 |
|
| 700 | 1 |
_aKralik, Heinrich _924817 |
|
| 902 | _aGRL | ||
| 942 |
_2lcc _cB |
||
| 999 |
_c9557 _d9557 |
||